000 00915nas a2200253Ia 4500
001 R059/99564
003 IT-RoPAU
008 151124c99999999xx |||||||||||| ||und||
040 _aIT-RoPAU
040 _cIT-RoPAU
041 _aITALIANO
100 _aMolari Carlo
_gCodice Aut. SPICS: 3671
210 _aQUADERNI DI "IL NOSTRO CINEMA"
222 _aQuaderni Di "Il Nostro Cinema"
245 _aQUADERNI DI "IL NOSTRO CINEMA", N.11 (1982)
_bChiesa Locale, Sacramento Salvifico Nel Mondo
250 _a1a ed.
260 _aROMA
_bACEC
_c1982
501 _bPaulus - SPICS - Società San Paolo EM (non-commercial uses only)
_cCopyright2015
300 _a9 p. [5-13]
362 _aN.11 (1982)
500 _aDifetti nella Presentazione della Salvezza. Chiesa. Comunità di Fede. Chiesa Locale. Chiesa nel Mondo. Teologia Attuale della Salvezza.
650 _aCINEMA
_vPUBBLICAZIONE PERIODICA
942 _cCR
999 _c195434
_d195434